Normal view
MARC view
- Umbreen, Neelam
Entry Personal Name
001 - CONTROL NUMBER
- control field: 21014
003 - CONTROL NUMBER IDENTIFIER
- control field: NUST
005 - DATE AND TIME OF LATEST TRANSACTION
- control field: 20190920112816.0
008 - FIXED-LENGTH DATA ELEMENTS
- fixed length control field: 190920|| aca||aabn | a|a d
040 ## - CATALOGING SOURCE
- Original cataloging agency: NUST
- Transcribing agency: NUST
100 ## - HEADING--PERSONAL NAME
- Personal name: Umbreen, Neelam
670 ## - SOURCE DATA FOUND
- Source citation: Work cat.: (NUST): Umbreen, Neelam, GOALKEEPER FOR ROBOCUP SPL /, 2016.
